Acompañamiento en la ejecución de actividades del plan de uso público para el fortalecimiento de la cadena de valor de turismo sostenible en el municipio de Suesca (Registro nro. 7069)

Detalles MARC
000 -CABECERA
Campo de control 00772nam a2200205 a 4500
005 - FECHA Y HORA DE LA ULTIMA TRANSACCION
Campo de control 20170603020001.0
008 - ELEMENTOS DE LONGITUD FIJA—INFORMACION GENERAL
Campo de control 140217b2009 ck ||||| |||| 00| 0 spa d
040 ## - FUENTE DE CATALOGACIÓN
Agencia catalogadora original CO-BoIAVH
Agencia transcriptora CO-BoIAVH
041 ## - IDIOMA
Código de idioma para texto/pista de sonido o título separado Español
044 ## - PAÍS DE PUBLICACIÓN
País de publicación Colombia
090 ## - CLASIFICACIÓN LOCAL
Colección IAVH
Consecutivo 01366
110 ## - ASIENTO PRINCIPAL--NOMBRE CORPORATIVO
Nombre corporativo o de jurisdicción como elemento de entrada Suesca (Cundinamarca)
Unidad subordinad Corporación Turismo de Suesca
245 ## - MENCION DE TITULO
Título Acompañamiento en la ejecución de actividades del plan de uso público para el fortalecimiento de la cadena de valor de turismo sostenible en el municipio de Suesca
260 ## - PUBLICACION, DISTRIBUCION, ETC. (PIE DE IMPRENTA)
Lugar de publicación, distribución, etc. Bogotá
Nombre del editor, distribuidor, etc. IAVH
Fecha de publicación, distribución, etc. 2009
300 ## - DESCRIPCION FISICA
Extensión 81 p.
505 ## - NOTA DE CONTENIDO
Nota de contenido Contenido CD: Manual de buenas prácticas en turismo sostenible: Municipio de Suesca
662 ## - ASIENTO SECUNDARIO DE MATERIA - JERARQUIA DEL NOMBRE DE LUGAR(
Jurisdicción política intermedia Laguna de Suesca
Jurisdicción política de primer orden Cundinamarca
662 ## - ASIENTO SECUNDARIO DE MATERIA - JERARQUIA DEL NOMBRE DE LUGAR(
Ciudad Suesca
Jurisdicción política de primer orden Cundinamarca
942 ## - ELEMENTOS ADICIONALES (KOHA)
Tipo de ítem Informe Técnico
Sistema de clasificación Local
Koha issues (borrowed), all copies 1
Existencias
Withdrawn status Lost status Sistema de Clasificación Damaged status No para préstamo Colección Inventariado Ubicación Permanente Ubicación actual Fecha de adquisición Total Checkouts Número topográfico Inventario / Código de Barras Date last seen Date checked out Ejemplar Price effective from Forma de adquisición Tipo de material Public note
    Local     Humboldt Inventariado 2017 Bogotá Bogotá   1 IAVH-01366 027267 09/08/2024 02/06/2017 Ej. 1 04/12/2012   Informe Técnico  
    Local     Humboldt   Bogotá Bogotá     IAVH-01366 027268 04/12/2012   Ej. 1 04/12/2012   CD-ROM Corturismo Suesca. Anexo